<?xml version="1.0" encoding="UTF-8"?><?xml-stylesheet type="text/xsl" href="static/style.xsl"?><OAI-PMH xmlns="http://www.openarchives.org/OAI/2.0/" xmlns:xsi="http://www.w3.org/2001/XMLSchema-instance" xsi:schemaLocation="http://www.openarchives.org/OAI/2.0/ http://www.openarchives.org/OAI/2.0/OAI-PMH.xsd"><responseDate>2026-04-14T04:23:46Z</responseDate><request verb="GetRecord" identifier="oai:www.recercat.cat:2445/131517" metadataPrefix="marc">https://recercat.cat/oai/request</request><GetRecord><record><header><identifier>oai:recercat.cat:2445/131517</identifier><datestamp>2025-12-05T17:02:46Z</datestamp><setSpec>com_2072_1057</setSpec><setSpec>col_2072_478823</setSpec><setSpec>col_2072_478917</setSpec></header><metadata><record xmlns="http://www.loc.gov/MARC21/slim" xmlns:dcterms="http://purl.org/dc/terms/" xmlns:xsi="http://www.w3.org/2001/XMLSchema-instance" xmlns:doc="http://www.lyncode.com/xoai" xsi:schemaLocation="http://www.loc.gov/MARC21/slim http://www.loc.gov/standards/marcxml/schema/MARC21slim.xsd">
   <leader>00925njm 22002777a 4500</leader>
   <datafield ind2=" " ind1=" " tag="042">
      <subfield code="a">dc</subfield>
   </datafield>
   <datafield ind2=" " ind1=" " tag="720">
      <subfield code="a">Garra Ticó, Jordi</subfield>
      <subfield code="e">author</subfield>
   </datafield>
   <datafield ind2=" " ind1=" " tag="720">
      <subfield code="a">Graugés Pous, Eugeni</subfield>
      <subfield code="e">author</subfield>
   </datafield>
   <datafield ind2=" " ind1=" " tag="720">
      <subfield code="a">BABAR Collaboration</subfield>
      <subfield code="e">author</subfield>
   </datafield>
   <datafield ind2=" " ind1=" " tag="260">
      <subfield code="c">2019-04-05T10:18:35Z</subfield>
   </datafield>
   <datafield ind2=" " ind1=" " tag="260">
      <subfield code="c">2019-04-05T10:18:35Z</subfield>
   </datafield>
   <datafield ind2=" " ind1=" " tag="260">
      <subfield code="c">2008-12-11</subfield>
   </datafield>
   <datafield ind2=" " ind1=" " tag="260">
      <subfield code="c">2019-04-05T10:18:35Z</subfield>
   </datafield>
   <datafield ind2=" " ind1=" " tag="520">
      <subfield code="a">We present a study of hadronic transitions between Υ ( m S ) ( m = 4 , 3, 2) and Υ ( n S ) ( n = 2 , 1) resonances based on 347.5     fb − 1 of data taken with the BABAR detector at the PEP-II storage rings. We report the first observation of Υ ( 4 S ) → η Υ ( 1 S ) decay with a branching fraction B ( Υ ( 4 S ) → η Υ ( 1 S ) ) = ( 1.96 ± 0.06 stat ± 0.09 syst ) × 10 − 4 and measure the ratio of partial widths Γ ( Υ ( 4 S ) → η Υ ( 1 S ) ) / Γ ( Υ ( 4 S ) → π + π − Υ ( 1 S ) ) = 2.41 ± 0.40 stat ± 0.12 syst . We set 90% CL upper limits on the ratios Γ ( Υ ( 2 S ) → η Υ ( 1 S ) ) / Γ ( Υ ( 2 S ) → π + π − Υ ( 1 S ) ) &lt; 5.2 × 10 − 3 and Γ ( Υ ( 3 S ) → η Υ ( 1 S ) ) / Γ ( Υ ( 3 S ) → π + π − Υ ( 1 S ) ) &lt; 1.9 × 10 − 2 . We also present new measurements of the ratios Γ ( Υ ( 4 S ) → π + π − Υ ( 2 S ) ) / Γ ( Υ ( 4 S ) → π + π − Υ ( 1 S ) ) = 1.16 ± 0.16 stat ± 0.14 syst and Γ ( Υ ( 3 S ) → π + π − Υ ( 2 S ) ) / Γ ( Υ ( 3 S ) → π + π − Υ ( 1 S ) ) = 0.577 ± 0.026 stat ± 0.060 syst .</subfield>
   </datafield>
   <datafield tag="653" ind2=" " ind1=" ">
      <subfield code="a">Física de partícules</subfield>
   </datafield>
   <datafield tag="653" ind2=" " ind1=" ">
      <subfield code="a">Experiments</subfield>
   </datafield>
   <datafield tag="653" ind2=" " ind1=" ">
      <subfield code="a">Particle physics</subfield>
   </datafield>
   <datafield tag="653" ind2=" " ind1=" ">
      <subfield code="a">Experiments</subfield>
   </datafield>
   <datafield ind2="0" ind1="0" tag="245">
      <subfield code="a">Study of hadronic transitions between Υ states and observation of Υ(4S)→ηΥ(1S) decay</subfield>
   </datafield>
</record></metadata></record></GetRecord></OAI-PMH>